000
00277nam a22001097a 4500
008
160624b xxu||||| |||| 00| 0 eng d
100
_9
959
_a
Sumer Book Depot
245
_a
Physics Part -II Class VII
260
_a
N.D
_b
SBD
300
_a
Physics Part -II Class VII
942
_2
ddc
_c
BK
999
_c
763
_d
763